| 000 | 00762nam a2200229 i 4500 | ||
|---|---|---|---|
| 003 | DO-SdBNP | ||
| 005 | 20230615111341.0 | ||
| 006 | a||||fr|||| 00| 0 | ||
| 007 | ta | ||
| 008 | 230615t2016 dr adc|| |||| 00| 0 spa d | ||
| 020 | _a9789945472738 | ||
| 040 |
_aDO-SdBNP _bspa _cBNPHU _erda |
||
| 082 | 4 |
_222 _bS562e |
|
| 245 |
_aSistema de evaluación del personal académico: _baprobado por el Consejo Académico mediante su resolución no. 20160309- 14/27. / |
||
| 264 | 1 |
_aSanto Domingo : _bINTEC, _c©2016 |
|
| 300 |
_a98 páginas ; _bIlustraciones, gráficas, retrato ; _c22 cm. |
||
| 336 |
_2rdaconten _atexto _btxt |
||
| 337 |
_2rdamedia _asin medición _bn |
||
| 338 |
_2rdacarrier _avolumen _bnc |
||
| 590 | _aInventariado 2023 / MF | ||
| 942 |
_2ddc _cLBS1 |
||
| 999 |
_c53836 _d53836 |
||